Кратка енциклопедия на телекомуникациите (Запис номер 12480)
[ съкратено ]
| 000 -Лидер | |
|---|---|
| Контролно поле с фиксирана дължина | 01395nam a2200325 c 4500 |
| 003 - Код на организацията, давaща контролен номер | |
| Контролно поле | BLK |
| 005 - Дата и час на последна редакция | |
| Контролно поле | 20180420214747.0 |
| 008 - Елементи от данни с фиксирана дължина | |
| fixed length control field | 180412b bul|||||r ||||||| ||bul|| |
| 010 ## - Наследен системен номер | |
| LC control number | KNG00014086000 |
| 020 ## - Международен стандартен номер на книга ISBN | |
| Международен стандартен номер на книга ISBN | 954-90168-1-1 |
| -- | издат.: Безсмъртни мисли |
| 040 ## - Източник на каталожния запис | |
| Идентификатор на билиотеката - собственик на записа | BLK |
| 041 ## - Код за език | |
| Код за езика на текст/звукозапис или на отделно заглавие | Български |
| Код за езика КДБФ | Български |
| 080 ## - УДК | |
| Текстов определител УДК | Съобщителна техника. Вж и 621.3.09. Организация и експлоатация на съобщенията вж 654 |
| УДК код - определител по УДК | 621.39 |
| УДК определител | (031) |
| УДК - код + определител | 621.39(031) |
| 100 1# - Редна дума - Автор | |
| Автор | Милчев, Асен |
| Авторска отговорност | първи автор |
| R(LIN) | 257559 |
| 139 ## - Редно поле | |
| Редна дума | Милчев, Асен |
| Авторски знак | Met - M 61 |
| 245 10 - Сведения за заглавието | |
| Заглавие | Кратка енциклопедия на телекомуникациите |
| Подзаглавни данни | Телеграф, телефон, радиовръзки, косм. съобщения |
| Редно поле (дума) | Асен Милчев. |
| 257 ## - Страна на издаване | |
| Страна на създаване/издаване | България |
| 260 ## - Област на издателските данни | |
| -- | София |
| Име на издателя, разпространителя и проч. | Безсмъртни мисли |
| Година на издаване | 1996 |
| 300 ## - Физическа характеристика | |
| Страници | 224 с. |
| Илюстрации и др. | с ил., черт., портр. |
| Размери/Мащаб | 29 см |
| 380 ## - Жанр | |
| Жанр | Техника |
| 500 ## - Общи забележки | |
| Забележка | Биогр. речник показалец |
| 650 #4 - Допълнително описание по предмет – тема | |
| Основно описание – тема или топоним | Телекомуникации - енциклопедии |
| 9 (RLIN) | 257560 |
| 653 ## - Ключова дума – ненормативна | |
| Ключова дума | телекомуникации |
| 653 ## - Ключова дума – ненормативна | |
| Ключова дума | енциклопедии |
| 852 ## - Местоположение | |
| Форматна сигнатура | Цб ІІ 9113 |
| 856 4# - Електронен адрес и достъп | |
| Електронен формат | pdf - файл |
| Път до файла /url/ | |
| 856 4# - Електронен адрес и достъп | |
| Електронен формат | pdf - файл |
| Път до файла /url/ | |
| 942 ## - АРТИКУЛИ | |
| Вид на библиотечния материал | Книги |
| Скрит в OPAC | Не |
| 944 ## - СЪЗДАВАНЕ И РЕДАКЦИЯ на ЗАПИСА | |
| Създаване/Редакция | Създаване |
| Дата на регистрацията/редакция | 15.01.2003 |
| Служител, извършил регистрацията/редакцията | Кети_Илиева |
| 944 ## - СЪЗДАВАНЕ И РЕДАКЦИЯ на ЗАПИСА | |
| Създаване/Редакция | Редакция |
| Дата на регистрацията/редакция | 27.08.2015 |
| Служител, извършил регистрацията/редакцията | Валя_Йорданова |
| 999 ## - СИСТЕМНИ КОНТРОЛНИ НОМЕРА | |
| Koha biblionumber | 12480 |
| Koha biblioitemnumber | 12480 |
| Код за отписване | Код за изгубен артикул | Източник на класификационната схема | Код за повреда | Коз за рестрикции | Код за отдаване | Артикулен № | Име на библиотеката - собственик | Име на библиотеката, в която се намира в момента | Статус (Текущо местоположение) | Дата на вписване в системата | Местоположение - отдел | Цена в лева | Инвентарен номер | Систематично азбучна сигнатура | Баркод | Номер на екземпляра | Цена в евро | Служебна бележка | Служебен тип на артикула |
|---|---|---|---|---|---|---|---|---|---|---|---|---|---|---|---|---|---|---|---|
| Не е изгубен | Universal Decimal Classification | Не е повреден | без рестрикции | ползва се в читалня | 21570 | Регионална библиотека "Любен Каравелов" Русе | Регионална библиотека "Любен Каравелов" Русе | Читалня | 2001-01-01 | Читалня | 2.74 | 631276 | Ч 621.39/М 61 | 120000631276 | 1 | 1.40 | N: Сф Дата: 01.01.2001 Дата инв: 24.03.2017 Бележки инв: Ч2017 | Книги |